00837nam a22001817a 450000500170000000800410001702000150005805000200007310000330009324500950012626000530022130000170027450000320029150400240032350502500034765000180059770000400061520231102151623.0131210s1976 mx ||||g |||| 00| 0 spa d a9684351607 aRA425bV44 1976 0aVega Franco, Leopoldoeautor10aBases esenciales de la salud publicac / Leopoldo Vega Franco, Héctor García Manzanedo aMéxicob : La Prensa Médica Mexicanac, 1976 a99 páginas aReimpresión: 2007, 2006  aReferencias (p. 99) aNaturaleza e importancia de la salud pública Programación en salud pública La epidemiología en el diagnóstico de la salud comunal Medición del nivel de salud Las ciencias de la conducta y la salud pública Educación para la salud 10aSALUD PUBLICA10aGarcía Manzanedo, Héctoreautor